000 01122nam a2200229 a 4500
001 40368
003 BD-RjUL
005 20211209053211.0
008 160430r20151996bg a||| |||| 00| 0 ben d
020 _c:TK. 100.00
035 _a(BD-RjUL)40483
040 _aBD-RjUL
_bben
_cBD-RjUL
041 _aben
082 _223
_a324.25492083
_bAWA 2015
245 1 0 _aবাংলাদেশ আওয়ামী লীগের নীতি ও কৌশল :
_bশিল্পায়ন ও অভ্যন্তরীণ সম্পদ সমাবেশ /
_cসৈয়দ আবুল হোসেন
260 _aঢাকা :
_bআব্দুল কাদের,
_c১৯৯৬ [মুদ্রণ ২০১৫, ২০১৭]
300 _a[৪] ১০২ পৃ. :
_bচিত্র. ;
_c২৪ সেমি.
650 _aআওয়ামী লীগ
_xরাজনীতি ও সরকার
_zবাংলাদেশ
_9124358
650 _aAwami League
_xPolitics and Government
_zBangladesh
_9124359
700 _aহোসেন, সৈয়দ আবুল সম্পাদক
_9241813
942 _2ddc
_cBK
999 _c40368
_d40368